Birthday Quiz 2019 - Statistics

General Stats
  • This quiz has been taken 8 times
  • The average score is 4 of 15
Answer Stats
Hint Answer % Correct
How many episodes of Seinfeld did George not appear in? 1
67%
What was the Queens profession in the Armed Forces during World War ll? Mechanic
67%
What was the previous name of Bangaldesh? East Pakistan
50%
Which country has the largest distance between it's capital and it's border (including overseas territories)? France
33%
The pump don't work cos the vandals took the? Handle
33%
Which company is the largest producer of oats for cereal in the USA Quaker
33%
What year were yellow tennis balls first used at Wimbledon? 1986
17%
Which country is coriander native to? Iran
17%
Which country's flag has the words "For Gallantry" written on it in English? Malta
17%
Which US city shares its name with the former capital city of an ancient civilisation? Tennessee
17%
What is the capital of Burundi? Gitega
0%
Which actor and comedian recorded a cover version of I Am the Walrus by The Beatles in 1998? Jim Carrey
0%
What is Trent Boult's dog's name? Louie
0%
Of the nearly 2000 total All Blacks, only one has been named Damian. What is his last name? McKenzie
0%
Which city in the US has the original CrossFit gym? Santa Cruz
0%
No matching quizzes found
Score Distribution
Percent of People with Each Score
Percentile by Number Answered
Your Score History
You have not taken this quiz